Identités amérindiennes et bricolage symbolique : le cas des missions jésuites auprès des Amérindiens ojibwa au xixe siècle (notice n° 1668628)
[ vue normale ]
| 000 -LEADER | |
|---|---|
| fixed length control field | 01998cam a2200169 4500500 |
| 005 - DATE AND TIME OF LATEST TRANSACTION | |
| control field | 20260222004717.0 |
| 041 ## - LANGUAGE CODE | |
| Language code of text/sound track or separate title | fre |
| 042 ## - AUTHENTICATION CODE | |
| Authentication code | dc |
| 100 10 - MAIN ENTRY--PERSONAL NAME | |
| Personal name | Servais, Olivier |
| Relator term | author |
| 245 00 - TITLE STATEMENT | |
| Title | Identités amérindiennes et bricolage symbolique : le cas des missions jésuites auprès des Amérindiens ojibwa au xixe siècle |
| 260 ## - PUBLICATION, DISTRIBUTION, ETC. | |
| Date of publication, distribution, etc. | 2008.<br/> |
| 500 ## - GENERAL NOTE | |
| General note | 9 |
| 520 ## - SUMMARY, ETC. | |
| Summary, etc. | RésuméAnalysant l’adaptation au christianisme des Anishinaabek de la région des grands lacs nord américains, au xixe et xxe siècle, l’auteur décrit deux cas de figures de bricolage symbolique des représentations relatés par les sources missionnaires. Sont ainsi passés en revue, les récits de conversion comme symboles hyperhybrides, et le chemin des indiens morts comme archétype d’une christianisation des imaginaires, et ce faisant fondement de la résistance indienne. Sur cette base empirique l’auteur avance quelques éléments de théorisation sur les processus individuels du bricolage symbolique. |
| 520 ## - SUMMARY, ETC. | |
| Summary, etc. | Amerindian Identity and Do-It-Yourself Symbolic System: Case Studies about the Jesuit Missionaries to the Ojibwa Amerindians during the Nineteenth CenturyAnalyzing the adaptation to Christianity by the Anishinaabek of the North American Great Lakes region in the xixth and xxth Centuries, the author describes two cases of figures of do-it-yourself symbolic system of the representations reported by the missionaries sources. Thus reviewed, the accounts of conversion like hyper-hybrids symbols, and the path of the Dead Indians like prototype of a christianization of imaginary, and consequently base of Indian resistance. On this empirical basis the author advances some elements of theorization on the individual processes of symbolic do-it-yourself. |
| 786 0# - DATA SOURCE ENTRY | |
| Note | Histoire et missions chrétiennes | 5 | 1 | 2008-03-01 | p. 85-104 | 1957-5246 |
| 856 41 - ELECTRONIC LOCATION AND ACCESS | |
| Uniform Resource Identifier | <a href="https://shs.cairn.info/revue-histoire-monde-et-cultures-religieuses1-2008-1-page-85?lang=fr&redirect-ssocas=7080">https://shs.cairn.info/revue-histoire-monde-et-cultures-religieuses1-2008-1-page-85?lang=fr&redirect-ssocas=7080</a> |
Pas d'exemplaire disponible.




Réseaux sociaux